Technologický model domu s inteligentnými prvkami pre IoT

Enregistré dans:
Détails bibliographiques
Auteur principal: Dieška, Martin (Auteur)
Autres auteurs: Krajčovič, Tibor (Directeur de thèse)
Format: Manuscrit Livre
Langue:slovaque
Publié: 2019
Sujets:
Accès en ligne:http://is.stuba.sk/zp/portal_zp.pl?podrobnosti=142845
Tags: Ajouter un tag
Pas de tags, Soyez le premier à ajouter un tag!

MARC

LEADER 00000ntm a22000003a 4500
001 stuzp74894
003 SK-STU
005 20190622212351.0
007 ta
008 150427s2015----xo-----f-mn---000-0-slo-d
040 |a STU  |b slo 
041 0 |a slo 
100 1 |a Dieška, Martin  |u 070400  |k Z4  |4 aut  |U FIIT Fakulta informatiky a informačných technológií  |T FIIT Ústav počítačového inžinierstva a aplikovanej informatiky  |X 73708  |U I400  |Y 672  |7 73708 
242 0 1 |a Technological house model with smart features for IoT  |y eng 
245 1 0 |a Technologický model domu s inteligentnými prvkami pre IoT 
260 |c 2019 
650 4 |a inteligentné prvky  |2 slo 
650 4 |a MQTT  |2 slo 
650 4 |a technologický model  |2 slo 
650 4 |a IoT  |2 slo 
650 4 |a chytrá domácnosť  |2 slo 
650 4 |a mikrokontrolér  |2 slo 
650 4 |a vnorený systém  |2 slo 
650 4 |a IoT  |2 eng 
650 4 |a intelligent features  |2 eng 
650 4 |a MQTT  |2 eng 
650 4 |a smart household  |2 eng 
650 4 |a microcontroller  |2 eng 
650 4 |a embedded system  |2 eng 
650 4 |a technological model  |2 eng 
700 1 |a Krajčovič, Tibor  |u 070400  |k Z1  |4 ths  |U FIIT Fakulta informatiky a informačných technológií  |T FIIT Ústav počítačového inžinierstva a aplikovanej informatiky  |X 1869  |U I400  |Y 672  |7 1869 
856 4 |u http://is.stuba.sk/zp/portal_zp.pl?podrobnosti=142845 
996 |c I*DP31/19  |l II680  |s P  |a 0  |w stuzp74894_0001